USA môžu priniesť svetu oživenie. Priaznivé vývojové tendencie v americkom hospodárstve.
Predpokladaný 3 perc. prírastok HDP v r. 1993 v USA (údaje za r. 1991-1993 v porovnaní s krajinami západnej Európy), rast súkromnej spotreby, podpora investícií do infraštruktúry, zníženie deficitu zahraničnoobchodnej bilancie a i. ako príznaky oživenia v USA. Index rastu priemyselnej produkcie, ozd...
Salvato in:
| Autore principale: | |
|---|---|
| Natura: | Capitolo di libro |
| Lingua: | slovacco |
| Soggetti: | |
| Tags: |
Nessun Tag, puoi essere il primo ad aggiungerne!!
|
MARC
| LEADER | 00000naa a2200000 4500 | ||
|---|---|---|---|
| 001 | r013660 | ||
| 005 | 20221025113531.2 | ||
| 041 | 0 | |a slo | |
| 044 | |a SK | ||
| 245 | 1 | 0 | |a USA môžu priniesť svetu oživenie. |b Priaznivé vývojové tendencie v americkom hospodárstve. |c Ján Artur Oberhauser |
| 520 | |a Predpokladaný 3 perc. prírastok HDP v r. 1993 v USA (údaje za r. 1991-1993 v porovnaní s krajinami západnej Európy), rast súkromnej spotreby, podpora investícií do infraštruktúry, zníženie deficitu zahraničnoobchodnej bilancie a i. ako príznaky oživenia v USA. Index rastu priemyselnej produkcie, ozdravenie veľkých firiem. Vplyv na oživenie svetového ekonomického rastu. | ||
| 610 | 2 | 0 | |a rast hospodársky |
| 610 | 2 | 0 | |a oživenie |
| 610 | 2 | 0 | |a USA |
| 610 | 2 | 0 | |a svet |
| 610 | 2 | 0 | |a údaje štatistické |
| 610 | 2 | 0 | |a 1991-1993 |
| 100 | 1 | |a Oberhauser, Ján Artur | |